000 01082nam a22003257a 4500
003 CHAP
005 20220329141810.0
008 971013s1973 r 00010 d
010 _a74022
011 _a74994
035 _a84554
040 _cCHAP
082 _a338.4766274
_bH3
100 0 0 _aHarris, A. C.
_952844
245 1 _aSuministros de carbón de leña a Altos Hornos Zapla
260 _aSalta, Argentina :
_bInventario y Desarrollo Forestal del Noroeste Argentino,
_c1973
300 _a91 h.
_b: gráf
490 0 _aDocumento de trabajo
_v; 11
590 _aBATCH-UPD
_b10
_c20130110
_lUCH01
_h0517
590 _aBATCH-UPD
_b10
_c20130110
_lUCH01
_h2354
590 _aBATCH-UPD
_b10
_c20130410
_lUCH01
_h0155
590 _aBATCH-UPD
_b10
_c20130914
_lUCH01
_h0842
590 _aCONVERSION
_b10
_c20130109
_lUCH01
_h1340
650 1 4 _aCarbón
_xArgentina.
_918837
700 0 _aArnold, J. E. Michael.
_97269
830 0 _aDocumento de trabajo
_v; 11
_933227
901 _aBK
942 _cLIBRO
949 _a338.4766274 H3
_bBC
_cLIBRO
_d33724002208512
_eLIBRO
_h35546
_i84554
_mD
_si
999 _c74022
_d74022